Historical records of the survey of India volume three (Record no. 104087)

MARC details
000 -LEADER
fixed length control field 01779cam a2200229 4500
001 - CONTROL NUMBER
control field J3305
008 - FIXED-LENGTH DATA ELEMENTS--GENERAL INFORMATION
fixed length control field #DATE n1954 000 0 eng u
035 ## - SYSTEM CONTROL NUMBER
System control number (Sirsi) u129030
041 ## - LANGUAGE CODE
Language code of text/sound track or separate title eng
050 ## - LIBRARY OF CONGRESS CALL NUMBER
Classification number 526.90954 $2 18
100 1# - MAIN ENTRY--PERSONAL NAME
Personal name Phillimore, R. H.
245 00 - TITLE STATEMENT
Title Historical records of the survey of India volume three
Remainder of title 1815 to 1830.
260 ## - PUBLICATION, DISTRIBUTION, ETC.
Place of publication, distribution, etc. Dehra Dun
Name of publisher, distributor, etc. Surveyor General of India
Date of publication, distribution, etc. 1954
300 ## - PHYSICAL DESCRIPTION
Extent xxii, 534p.
Other physical details ill.
Dimensions 29cm.
350 ## - PRICE (NR) (BK AM CF MU VM SE) [OBSOLETE]
Price 0
490 #0 - SERIES STATEMENT
Series statement Historical Records of the Survey of India
Volume/sequential designation 3
505 2# - FORMATTED CONTENTS NOTE
Formatted contents note Bengal and the upper provinces -- The mountain provinces -- North-east frontier -- Burma -- Central Indian plateau -- Madras surveys -- South peninsula and Nizam's dominons -- Bombay surveys -- Revenue surveys: Lower Bengal -- Revenue surveys: upper provinces of Bengal -- Revenue surveys: Madras and Bombay -- Astronomical control -- Professional details -- Instruments -- Great trigonometrical survey 1815-23 -- Great trigonometrical survey under Everest -- Calcutta longitudinal series and other tasks -- Maps and map making -- Administration -- Office establishments -- Surveyors -- Pay and allowances -- Civil assistants, Bengal -- Civil assistants, Madras and Bombay -- Indian survey personnel -- People and country of India
520 ## - SUMMARY, ETC.
Summary, etc. Third volume in this definitive history of the survey of India covering the period during which there was a single department under the Surveyor General for the first time. It records the apprenticeship of George Everest under Lambton, Mackenzie, Hodgson and Blacker. Includes details of other surveys undertaken during this period. Includes maps and references to source material.
651 #4 - SUBJECT ADDED ENTRY--GEOGRAPHIC NAME
Geographic name ASIA PACIFIC
690 ## - LOCAL SUBJECT ADDED ENTRY--TOPICAL TERM (OCLC, RLIN)
Topical term or geographic name as entry element ENVIRONMENTAL AND LAND CONSULTANCY-GEOMATICS-LAND SURVEYING
942 ## - ADDED ENTRY ELEMENTS (KOHA)
Suppress in OPAC 0

No items available.